[Event "Nordic Youth CC 2020 - U13"]
[Site "Fredericia"]
[Date "2020.02.14"]
[Round "1.19"]
[White "Wahlgreen, Noah Krug"]
[Black "Trost, Edvin"]
[Result "0-1"]
[WhiteElo "1765"]
[BlackElo "2153"]
[PlyCount "84"]
[EventDate "2020.02.??"]
[EventType "swiss"]
[EventRounds "6"]
[EventCountry "DEN"]

1. Nf3 Nf6 2. c4 e6 3. Nc3 d5 4. d4 a6 5. Bf4 Be7 6. e3 dxc4 7. Bxc4 b5 8. Be2
Bb7 9. O-O Nbd7 10. Rc1 O-O 11. Ne5 Nxe5 12. Bxe5 Nd7 13. Bg3 c5 14. Bf3 Bxf3
15. Qxf3 cxd4 16. exd4 Nb6 17. Rfd1 b4 18. Ne4 Qd5 19. Qe2 Qxa2 20. Rc6 Nd5 21.
Rdc1 Nf6 22. f3 Qd5 23. Be5 Nd7 24. Nd6 Bxd6 25. Rxd6 Qb7 26. Rdc6 Rfc8 27. Bc7
a5 28. Qc4 a4 29. Rd6 Nf6 30. Rb6 Qxb6 31. Bxb6 Rxc4 32. Rxc4 a3 33. bxa3 bxa3
34. Rc1 a2 35. Ra1 Nd5 36. Bc5 Ne3 37. d5 Nc2 38. Rxa2 Rxa2 39. d6 Ra1+ 40. Kf2
Rd1 41. Ke2 Rd5 42. d7 Rxd7 0-1

[Event "Nordic Youth CC 2020 - U13"]
[Site "Fredericia"]
[Date "2020.02.14"]
[Round "1.20"]
[White "Eliseev, Sergey"]
[Black "Hakkinen, Aleksandr"]
[Result "1-0"]
[WhiteElo "1947"]
[BlackElo "1572"]
[PlyCount "95"]
[EventDate "2020.02.??"]
[EventType "swiss"]
[EventRounds "6"]
[EventCountry "DEN"]

1. e4 d5 2. exd5 Qxd5 3. Nf3 Nf6 4. d4 Bg4 5. Be2 e6 6. O-O c6 7. c4 Qd8 8. Nc3
Nbd7 9. h3 Bh5 10. Bf4 Be7 11. Qb3 Qb6 12. Qxb6 Nxb6 13. g4 Bg6 14. Ne5 Rd8 15.
h4 c5 16. dxc5 Bxc5 17. h5 Bc2 18. Rac1 Ba4 19. Nd3 Bd4 20. Bc7 Rc8 21. Bxb6
Bxc3 22. Be3 Ba5 23. b4 Bb6 24. b5 Bxe3 25. fxe3 Nd7 26. Nb2 Nc5 27. Rc3 Rd8
28. Bf3 O-O 29. Rf2 a6 30. Ra3 axb5 31. cxb5 Bxb5 32. Ra5 Nd3 33. Rxb5 Nxf2 34.
Kxf2 Ra8 35. a4 Rfb8 36. a5 Ra7 37. Nc4 Rd8 38. Bxb7 Rb8 39. a6 Rd8 40. Na5
Rd2+ 41. Kf3 Ra2 42. Nc6 R7xa6 43. Bxa6 h6 44. Rb8+ Kh7 45. Bd3+ g6 46. hxg6+
fxg6 47. Rb7+ Kg8 48. Bxg6 1-0

[Event "Nordic Youth CC 2020 - U13"]
[Site "Fredericia"]
[Date "2020.02.14"]
[Round "1.21"]
[White "Skarphedinsson, Ingvar Wu"]
[Black "Falkesgaard, Jeppe Hald"]
[Result "0-1"]
[WhiteElo "1484"]
[BlackElo "1936"]
[PlyCount "170"]
[EventDate "2020.02.??"]
[EventType "swiss"]
[EventRounds "6"]
[EventCountry "DEN"]

1. e4 c5 2. Nf3 e6 3. d4 cxd4 4. Nxd4 Nc6 5. Nc3 Qc7 6. g3 a6 7. Bg2 Nf6 8. O-O
Be7 9. Re1 d6 10. Nxc6 bxc6 11. e5 dxe5 12. Rxe5 O-O 13. Bf4 Bd6 14. Rf5 Rd8
15. Rxf6 gxf6 16. Bh6 Kh8 17. Qh5 Be5 18. Ne4 Bxb2 19. Rb1 Be5 20. f4 Bd4+ 21.
Kh1 f5 22. Ng5 Ra7 23. Rd1 f6 24. Rxd4 fxg5 25. Qxg5 Re8 26. Qf6+ Kg8 27. Qg5+
Kh8 28. Bf3 Qe7 29. Qh5 c5 30. Bg5 Qf7 31. Bf6+ Kg8 32. Qg5+ Qg6 33. Rc4 Qxg5
34. fxg5 Bb7 35. Bxb7 Rxb7 36. Rxc5 Kf7 37. Kg2 Rd7 38. Kf3 Rb8 39. Rc6 a5 40.
Rc5 a4 41. Rc4 Ra8 42. Rh4 Kg8 43. g6 Rc8 44. c3 Rcc7 45. gxh7+ Rxh7 46. Rxa4
Rxh2 47. g4 Rc5 48. Bd4 fxg4+ 49. Kxg4 Rf5 50. Ra8+ Kf7 51. Kg3 Rh6 52. Ra7+
Ke8 53. Ra8+ Kd7 54. Rg8 Ra5 55. Rg7+ Kc6 56. Ra7 Rxa7 57. Bxa7 Rf6 58. Kg2 Kb5
59. a3 Rf5 60. Bf2 Kc4 61. a4 Kxc3 62. Be1+ Kd3 63. a5 Ke2 64. Bb4 Rg5+ 65. Kh3
Kf3 66. Kh2 Rg4 67. Bd6 Ra4 68. Bc7 Ra2+ 69. Kh3 Ra1 70. Kh2 Ke4 71. Kg3 e5 72.
Kf2 Kd4 73. Bb6+ Kd3 74. Kf3 e4+ 75. Kf4 Ra4 76. Be3 Rxa5 77. Bf2 Ra8 78. Bc5
Re8 79. Bb4 e3 80. Kf3 e2 81. Kf2 Rb8 82. Be1 Rf8+ 83. Kg2 Rf1 84. Bh4 e1=Q 85.
Bxe1 Rxe1 0-1

[Event "Nordic Youth CC 2020 - U13"]
[Site "Fredericia"]
[Date "2020.02.14"]
[Round "1.22"]
[White "Koota, Ilkka"]
[Black "Religa, Marek"]
[Result "1/2-1/2"]
[WhiteElo "1798"]
[BlackElo "1471"]
[PlyCount "106"]
[EventDate "2020.02.??"]
[EventType "swiss"]
[EventRounds "6"]
[EventCountry "DEN"]

1. e4 c5 2. Nf3 d6 3. d4 cxd4 4. Nxd4 Nf6 5. Nc3 a6 6. Be2 b5 7. f4 Bb7 8. Bf3
Nbd7 9. O-O g6 10. e5 Bxf3 11. Qxf3 dxe5 12. Nc6 e4 13. Nxe4 Qc8 14. Re1 e6 15.
f5 gxf5 16. Nxf6+ Nxf6 17. Be3 Ne4 18. Bd4 Qxc6 19. Bxh8 Bc5+ 20. Kh1 Nf2+ 21.
Kg1 Qxf3 22. gxf3 Nd3+ 23. Kg2 Nxe1+ 24. Rxe1 Ke7 25. Be5 Rd8 26. Bf4 Bd6 27.
Bg5+ f6 28. Be3 Rg8+ 29. Kh1 h5 30. Rg1 Rxg1+ 31. Kxg1 e5 32. f4 exf4 33. Bd2
Ke6 34. Kf2 Be5 35. b3 Kd5 36. Kf3 Kd4 37. h3 Kc5 38. Bxf4 Kb4 39. Bd2+ Ka3 40.
c4 Kxa2 41. c5 Kxb3 42. Bf4 Bd4 43. Be3 Bxc5 44. Bxc5 Kc4 45. Be7 b4 46. Bxf6
a5 47. Ke3 a4 48. Kd2 a3 49. Be5 b3 50. Kc1 b2+ 51. Kc2 Kd5 52. Bf4 Ke4 53. Bd6
Kf3 1/2-1/2

[Event "Nordic Youth CC 2020 - U13"]
[Site "Fredericia"]
[Date "2020.02.14"]
[Round "1.23"]
[White "Petersen, Elias"]
[Black "Gudmundsson, Gunnar Erik"]
[Result "0-1"]
[WhiteElo "1151"]
[BlackElo "1770"]
[PlyCount "50"]
[EventDate "2020.02.??"]
[EventType "swiss"]
[EventRounds "6"]
[EventCountry "DEN"]

1. e4 c5 2. Nf3 Nc6 3. d4 cxd4 4. Nxd4 Nf6 5. Nc3 e5 6. Nf3 d6 7. Bg5 Be7 8.
Bd3 O-O 9. Qd2 a6 10. Ne2 Be6 11. Ng3 d5 12. exd5 Bxd5 13. Nh4 Re8 14. Nhf5 Bf8
15. Nh5 Nd4 16. Nxf6+ gxf6 17. Be3 Bxg2 18. Qd1 Bxh1 19. Qg4+ Kh8 20. Bh6 Bxh6
21. Nxh6 Re7 22. Qh5 e4 23. Bc4 Nxc2+ 24. Kf1 Nxa1 25. Bxf7 Qd3+ 0-1

[Event "Nordic Youth CC 2020 - U13"]
[Site "Fredericia"]
[Date "2020.02.14"]
[Round "1.24"]
[White "Nordquelle, Amelia"]
[Black "Davidsen, Rokur"]
[Result "1-0"]
[WhiteElo "1768"]
[BlackElo "1124"]
[PlyCount "63"]
[EventDate "2020.02.??"]
[EventType "swiss"]
[EventRounds "6"]
[EventCountry "DEN"]

1. d4 d5 2. c4 c6 3. Nf3 Bf5 4. Qb3 b6 5. e3 Nf6 6. cxd5 cxd5 7. Ne5 Nbd7 8.
Bb5 Rc8 9. Nd2 e6 10. Qa4 Rc7 11. Ndf3 Ng4 12. Bxd7+ Rxd7 13. Qxd7+ Qxd7 14.
Nxd7 Kxd7 15. O-O Bd6 16. h3 Nf6 17. a3 Ne8 18. b4 Nc7 19. Bb2 h5 20. Ne5+ Ke8
21. Rac1 g5 22. Rc6 Bxe5 23. dxe5 Kd8 24. Rfc1 Ne8 25. Rc8+ Ke7 26. b5 g4 27.
hxg4 hxg4 28. a4 Be4 29. Ra8 Rh4 30. Ba3+ Nd6 31. Bxd6+ Kd7 32. Rc7# 1-0

[Event "Nordic Youth CC 2020 - U13"]
[Site "Fredericia"]
[Date "2020.02.14"]
[Round "2.19"]
[White "Trost, Edvin"]
[Black "Nordquelle, Amelia"]
[Result "1-0"]
[WhiteElo "2153"]
[BlackElo "1768"]
[PlyCount "47"]
[EventDate "2020.02.??"]
[EventType "swiss"]
[EventRounds "6"]
[EventCountry "DEN"]

1. Nf3 d5 2. e3 c5 3. c4 d4 4. b4 Bg4 5. exd4 Nc6 6. d5 Nxb4 7. a3 Na6 8. Bb2
Nf6 9. h3 Bh5 10. g4 Bg6 11. Ne5 Nc7 12. Qa4+ Nd7 13. Bg2 a6 14. O-O b5 15. Qa5
Nxe5 16. Bxe5 Rc8 17. Re1 Bd3 18. Qb6 Bxc4 19. d6 Nd5 20. Qxa6 f6 21. Bg3 Nb6
22. dxe7 Bxe7 23. Qb7 Rb8 24. Bxb8 1-0

[Event "Nordic Youth CC 2020 - U13"]
[Site "Fredericia"]
[Date "2020.02.14"]
[Round "2.20"]
[White "Falkesgaard, Jeppe Hald"]
[Black "Eliseev, Sergey"]
[Result "1/2-1/2"]
[WhiteElo "1936"]
[BlackElo "1947"]
[PlyCount "83"]
[EventDate "2020.02.??"]
[EventType "swiss"]
[EventRounds "6"]
[EventCountry "DEN"]

1. d4 Nf6 2. c4 g6 3. Nc3 Bg7 4. e4 d6 5. h3 O-O 6. Nf3 e5 7. d5 a5 8. g4 Na6
9. Be3 c6 10. Be2 cxd5 11. cxd5 b6 12. Nd2 Nc5 13. h4 Ba6 14. Bxa6 Rxa6 15. Qe2
Qc8 16. f3 h5 17. g5 Ne8 18. Kf2 Nc7 19. a4 Qd8 20. Rab1 Qd7 21. Rhc1 f5 22.
exf5 Qxf5 23. Bxc5 bxc5 24. Nb5 Nxb5 25. axb5 Raa8 26. Kg2 Qf4 27. Rc4 Qf7 28.
Qd3 Rab8 29. Ra4 Qf5 30. Qxf5 gxf5 31. Rxa5 e4 32. fxe4 fxe4 33. Nxe4 Rf4 34.
Nxd6 Rbf8 35. Re1 Rg4+ 36. Kh3 Rf3+ 37. Kh2 Be5+ 38. Rxe5 Rf2+ 39. Kh3 Rf3+ 40.
Kh2 Rf2+ 41. Kh3 Rf3+ 42. Kh2 1/2-1/2

[Event "Nordic Youth CC 2020 - U13"]
[Site "Fredericia"]
[Date "2020.02.14"]
[Round "2.21"]
[White "Gudmundsson, Gunnar Erik"]
[Black "Koota, Ilkka"]
[Result "1/2-1/2"]
[WhiteElo "1770"]
[BlackElo "1798"]
[PlyCount "126"]
[EventDate "2020.02.??"]
[EventType "swiss"]
[EventRounds "6"]
[EventCountry "DEN"]

1. d4 d5 2. c4 e6 3. Nc3 c5 4. cxd5 exd5 5. Nf3 Nc6 6. g3 Nf6 7. Bg2 Be7 8. O-O
O-O 9. Bg5 c4 10. Ne1 Be6 11. Nc2 Qa5 12. e4 dxe4 13. Bxf6 Bxf6 14. Nxe4 Be7
15. Qe1 Qb6 16. Qc3 Rfd8 17. Rad1 Rd7 18. d5 Rxd5 19. Rxd5 Bxd5 20. Ne3 Be6 21.
Nxc4 Qa6 22. Ne3 Bb4 23. Qc2 Qxa2 24. Ng5 g6 25. Nxe6 Qxe6 26. Bd5 Qf6 27. Qb3
a5 28. Ng4 Qe7 29. Bxf7+ Kg7 30. Bd5 Rd8 31. Qc4 Ne5 32. Nxe5 Qxe5 33. Bxb7 Rd7
34. Bf3 Qxb2 35. Qc6 Rf7 36. Bd5 Rf6 37. Qd7+ Kh8 38. Qc8+ Rf8 39. Qc6 Qd4 40.
Qc4 Qxc4 41. Bxc4 a4 42. Ra1 a3 43. Ra2 Ra8 44. Re2 Bc3 45. Ba2 Rd8 46. Rc2
Rd1+ 47. Kg2 Bb2 48. Bb3 Rc1 49. Re2 Rc8 50. Ba2 Rc7 51. Bd5 Kg7 52. Ba2 g5 53.
h3 Ra7 54. Re6 h5 55. Rc6 Rd7 56. Rc2 Kf6 57. Rc6+ Kg7 58. Rc2 Rd1 59. Bb3 Ra1
60. Rc5 Kf6 61. Rc6+ Ke5 62. Rc5+ Kf6 63. Rc6+ Kg7 1/2-1/2

[Event "Nordic Youth CC 2020 - U13"]
[Site "Fredericia"]
[Date "2020.02.14"]
[Round "2.22"]
[White "Religa, Marek"]
[Black "Wahlgreen, Noah Krug"]
[Result "1-0"]
[WhiteElo "1471"]
[BlackElo "1765"]
[PlyCount "53"]
[EventDate "2020.02.??"]
[EventType "swiss"]
[EventRounds "6"]
[EventCountry "DEN"]

1. d4 Nf6 2. Bf4 d6 3. Nc3 g6 4. Qd2 Bg7 5. e4 O-O 6. O-O-O Re8 7. h4 h5 8. Be2
b6 9. f3 Bb7 10. g4 Nbd7 11. Nh3 hxg4 12. fxg4 Nxe4 13. Nxe4 Bxe4 14. Rh2 e5
15. Bh6 exd4 16. h5 Be5 17. Rf2 Qh4 18. Rdf1 Qxh3 19. Rxf7 Rad8 20. hxg6 Bxg6
21. R7f3 Bg3 22. Qg5 Ne5 23. Bc4+ d5 24. Bxd5+ Rxd5 25. Rf8+ Rxf8 26. Rxf8+ Kh7
27. Rh8+ 1-0

[Event "Nordic Youth CC 2020 - U13"]
[Site "Fredericia"]
[Date "2020.02.14"]
[Round "2.23"]
[White "Hakkinen, Aleksandr"]
[Black "Petersen, Elias"]
[Result "1-0"]
[WhiteElo "1572"]
[BlackElo "1151"]
[PlyCount "97"]
[EventDate "2020.02.??"]
[EventType "swiss"]
[EventRounds "6"]
[EventCountry "DEN"]

1. d4 Nf6 2. Bf4 g6 3. Nc3 Bg7 4. e4 d6 5. h4 O-O 6. Qd2 b6 7. Be2 Bb7 8. Bf3
Nbd7 9. e5 Bxf3 10. exf6 Nxf6 11. Nxf3 Re8 12. O-O-O Ng4 13. h5 e5 14. dxe5
dxe5 15. Qxd8 Raxd8 16. Rxd8 Rxd8 17. Bg3 f5 18. hxg6 hxg6 19. Nh2 Nh6 20. Rd1
Re8 21. Bh4 Nf7 22. f3 e4 23. fxe4 fxe4 24. Ng4 Re6 25. Nd5 c6 26. Nc7 Rd6 27.
Rxd6 Nxd6 28. Ne6 Nc4 29. Nxg7 Kxg7 30. b3 Nd6 31. Kd2 c5 32. Bg3 Nb5 33. c4
Nd4 34. Be5+ Kf7 35. Bxd4 cxd4 36. Ne5+ Kf6 37. Nc6 d3 38. Nxa7 Kf5 39. Ke3 Kg4
40. Nc8 Kg3 41. Nxb6 Kxg2 42. c5 Kf1 43. c6 Ke1 44. Nc4 g5 45. c7 g4 46. c8=Q
g3 47. Qf5 g2 48. Qf2+ Kd1 49. Qd2# 1-0

[Event "Nordic Youth CC 2020 - U13"]
[Site "Fredericia"]
[Date "2020.02.14"]
[Round "2.24"]
[White "Davidsen, Rokur"]
[Black "Skarphedinsson, Ingvar Wu"]
[Result "0-1"]
[WhiteElo "1124"]
[BlackElo "1484"]
[PlyCount "96"]
[EventDate "2020.02.??"]
[EventType "swiss"]
[EventRounds "6"]
[EventCountry "DEN"]

1. e4 e5 2. Nc3 Nf6 3. Nf3 Nc6 4. Bb5 d6 5. d3 h6 6. Nd5 Be6 7. c4 Bd7 8. O-O
a6 9. Ba4 Rb8 10. Bb3 Nh7 11. Re1 Ne7 12. c5 Nxd5 13. exd5 Qf6 14. d4 Bg4 15.
dxe5 dxe5 16. Rxe5+ Qxe5 17. Nxe5 Bxd1 18. Bxd1 Bxc5 19. Bf4 Bd6 20. h3 g5 21.
Bh2 Rd8 22. Ba4+ b5 23. Bb3 O-O 24. Kh1 Nf6 25. Re1 Rfe8 26. g4 Nd7 27. Nf3
Rxe1+ 28. Nxe1 Bxh2 29. Kxh2 Nc5 30. Bc2 Rxd5 31. Nf3 Kf8 32. Bf5 Ke7 33. Kg3
Na4 34. b3 Nc3 35. a3 Ne2+ 36. Kg2 Rc5 37. Bc8 a5 38. Ba6 c6 39. Nd2 Rc3 40. a4
Nf4+ 41. Kg1 Nxh3+ 42. Kg2 Nf4+ 43. Kg1 bxa4 44. bxa4 Ra3 45. Bc4 Rxa4 46. Bb3
Rb4 47. f3 a4 48. Ba2 Rb2 0-1

[Event "Nordic Youth CC 2020 - U13"]
[Site "Fredericia"]
[Date "2020.02.15"]
[Round "3.19"]
[White "Eliseev, Sergey"]
[Black "Trost, Edvin"]
[Result "1/2-1/2"]
[WhiteElo "1947"]
[BlackElo "2153"]
[PlyCount "162"]
[EventDate "2020.02.??"]
[EventType "swiss"]
[EventRounds "6"]
[EventCountry "DEN"]

1. e4 e5 2. Nf3 d6 3. Bc4 Be7 4. O-O Nf6 5. Re1 O-O 6. c3 Nc6 7. h3 Nxe4 8. d4
d5 9. Bb5 exd4 10. Bxc6 bxc6 11. Nxd4 Bd7 12. Bf4 Bg5 13. Qf3 a5 14. Na3 c5 15.
Ndb5 Bxb5 16. Nxb5 c6 17. Na3 Re8 18. Rad1 Qf6 19. Be3 Bxe3 20. Qxe3 Qg5 21. f4
Qg3 22. Rd3 Qxe3+ 23. Rdxe3 Nd6 24. Nb1 Rxe3 25. Rxe3 Re8 26. Rxe8+ Nxe8 27.
Nd2 Nd6 28. Nb3 Nb7 29. Kf2 Kf8 30. Nd2 Ke7 31. a3 Ke6 32. g4 f6 33. h4 g6 34.
Ke3 Nd6 35. Kd3 Kd7 36. b3 Kc7 37. a4 Nc8 38. Nf3 Kd7 39. Nd2 Nb6 40. g5 Ke6
41. Ke3 Kf5 42. Nf3 Nd7 43. gxf6 Kxf6 44. Ng5 h6 45. Nf3 Ke6 46. Ne1 Kd6 47.
Nd3 Nb6 48. Ne5 g5 49. hxg5 hxg5 50. Nf7+ Ke7 51. Nxg5 c4 52. bxc4 Nxc4+ 53.
Kd4 Nb6 54. Nf3 Kd6 55. Nd2 c5+ 56. Kd3 Nxa4 57. Kc2 c4 58. Nf3 Nc5 59. Nd4 Ne6
60. Ne2 Ke7 61. f5 Nc7 62. Nd4 Kf6 63. Kb2 Na6 64. Nc6 a4 65. Nd4 Nc5 66. Ka3
Ke5 67. Kb4 Ne4 68. Nb5 Kxf5 69. Kxa4 Kf4 70. Kb4 Ke3 71. Nc7 d4 72. cxd4 Kd3
73. Nb5 Nf6 74. Kc5 Ne4+ 75. Kb4 Nf6 76. Kc5 Ne8 77. Kc6 Ng7 78. d5 Nf5 79. d6
Nxd6 80. Kxd6 c3 81. Nxc3 Kxc3 1/2-1/2

[Event "Nordic Youth CC 2020 - U13"]
[Site "Fredericia"]
[Date "2020.02.15"]
[Round "3.20"]
[White "Religa, Marek"]
[Black "Gudmundsson, Gunnar Erik"]
[Result "0-1"]
[WhiteElo "1471"]
[BlackElo "1770"]
[PlyCount "110"]
[EventDate "2020.02.??"]
[EventType "swiss"]
[EventRounds "6"]
[EventCountry "DEN"]

1. e4 c5 2. c4 Nc6 3. g3 g6 4. Bg2 Bg7 5. Nc3 d6 6. Nge2 e6 7. d3 Nge7 8. Be3
Nd4 9. a3 Nec6 10. Rb1 a5 11. Bxd4 Nxd4 12. Nxd4 Bxd4 13. Nb5 Bg7 14. d4 O-O
15. e5 cxd4 16. exd6 Qb6 17. b4 axb4 18. axb4 Rb8 19. Qa4 Bd7 20. Qa7 Qxa7 21.
Nxa7 Ra8 22. Ra1 d3 23. Ra3 Bd4 24. c5 Bb2 25. Rb3 Bc1 26. c6 Rxa7 27. cxd7 d2+
28. Ke2 Rd8 29. h4 h5 30. g4 hxg4 31. h5 g5 32. Rg3 f5 33. Re3 d1=Q+ 34. Rxd1
Bxe3 35. Kxe3 Rxd7 36. b5 Ra3+ 37. Ke2 Rb3 38. Bc6 Rd8 39. Rc1 Rxd6 40. Bxb7
Rxb5 41. Rc8+ Kg7 42. Rc7+ Kh6 43. Ke3 Kxh5 44. Bc6 Rb8 45. f3 g3 46. f4 g4 47.
Rg7 Rxc6 48. Rf7 Rb3+ 49. Kd4 g2 50. Ke5 Kg6 51. Ra7 g1=Q 52. Rg7+ Kh6 53. Rg6+
Kh7 54. Rg7+ Kh8 55. Rg6 Qa1# 0-1

[Event "Nordic Youth CC 2020 - U13"]
[Site "Fredericia"]
[Date "2020.02.15"]
[Round "3.21"]
[White "Nordquelle, Amelia"]
[Black "Falkesgaard, Jeppe Hald"]
[Result "0-1"]
[WhiteElo "1768"]
[BlackElo "1936"]
[PlyCount "112"]
[EventDate "2020.02.??"]
[EventType "swiss"]
[EventRounds "6"]
[EventCountry "DEN"]

1. d4 Nf6 2. c4 g6 3. Nc3 Bg7 4. e4 d6 5. Nf3 O-O 6. h3 e5 7. d5 Nh5 8. g4 Nf4
9. g5 a5 10. Bxf4 exf4 11. Qd2 f5 12. exf5 Bxf5 13. Bd3 Bxd3 14. Qxd3 Na6 15.
O-O Nc5 16. Qc2 Qd7 17. Kh2 Rae8 18. Rae1 Be5 19. Ne4 Nxe4 20. Rxe4 Qg7 21.
Rfe1 Rf5 22. Qe2 h6 23. gxh6 Qxh6 24. Nxe5 Rfxe5 25. Qf3 Qg5 26. Rg1 Qxg1+ 27.
Kxg1 Rxe4 28. Qg4 Kg7 29. b3 R8e7 30. h4 f3 31. Qxf3 Rxh4 32. Qc3+ Kh6 33. Qxa5
Rg4+ 34. Kf1 Kg5 35. Qd2+ Rf4 36. Kg2 Kf5 37. f3 g5 38. a4 g4 39. fxg4+ Rxg4+
40. Kf3 Ree4 41. Qh6 Rgf4+ 42. Kg2 Re2+ 43. Kg1 Ke4 44. Qe6+ Kd3 45. Qg6+ Rfe4
46. Kf1 Kd2 47. Qg5+ Kd1 48. Qh5 Rf4+ 49. Kg1 Kd2 50. Qh3 Ref2 51. Qh6 R2f3 52.
Qg7 Rf1+ 53. Kg2 R4f2+ 54. Kh3 Rh1+ 55. Kg3 Rg1+ 56. Kxf2 Rxg7 0-1

[Event "Nordic Youth CC 2020 - U13"]
[Site "Fredericia"]
[Date "2020.02.15"]
[Round "3.22"]
[White "Koota, Ilkka"]
[Black "Hakkinen, Aleksandr"]
[Result "1-0"]
[WhiteElo "1798"]
[BlackElo "1572"]
[PlyCount "103"]
[EventDate "2020.02.??"]
[EventType "swiss"]
[EventRounds "6"]
[EventCountry "DEN"]

1. e4 d5 2. exd5 Qxd5 3. Nc3 Qa5 4. d4 Nf6 5. Nf3 Bg4 6. h3 Bxf3 7. Qxf3 c6 8.
Bd2 Nbd7 9. O-O-O e6 10. Bc4 Qc7 11. Rhe1 O-O-O 12. Bg5 Nb6 13. Bb3 Be7 14. Rd3
Nfd5 15. Bxe7 Qxe7 16. Nxd5 Nxd5 17. Re5 Rhe8 18. a3 Qf6 19. Bxd5 Rxd5 20. Qxf6
gxf6 21. Rxd5 exd5 22. Kd2 Rg8 23. g3 Kd7 24. Rf3 Ke6 25. Ke3 f5 26. Kf4 Kf6
27. Re3 h5 28. Re5 Rg5 29. f3 h4 30. g4 Rg8 31. Rxf5+ Ke6 32. g5 a5 33. Rf6+
Ke7 34. Kg4 Rg6 35. Rxg6 fxg6 36. Kxh4 b5 37. b4 a4 38. Kg4 Ke6 39. f4 c5 40.
dxc5 d4 41. h4 Kd5 42. f5 Kc4 43. c6 Kc3 44. c7 Kxc2 45. c8=Q+ Kd2 46. f6 d3
47. f7 Ke1 48. f8=Q d2 49. Qf3 d1=Q 50. Qcc3+ Qd2 51. Qfe3+ Kf1 52. Qexd2 1-0

[Event "Nordic Youth CC 2020 - U13"]
[Site "Fredericia"]
[Date "2020.02.15"]
[Round "3.23"]
[White "Skarphedinsson, Ingvar Wu"]
[Black "Petersen, Elias"]
[Result "1-0"]
[WhiteElo "1484"]
[BlackElo "1151"]
[PlyCount "103"]
[EventDate "2020.02.??"]
[EventType "swiss"]
[EventRounds "6"]
[EventCountry "DEN"]

1. e4 e5 2. Nf3 Nc6 3. Bc4 Bc5 4. O-O d6 5. d3 Nf6 6. Nbd2 h6 7. c3 a6 8. a4
O-O 9. b4 Ba7 10. Bb2 Be6 11. Qb3 Bxc4 12. Qxc4 Re8 13. Qb3 Qd7 14. Ra3 Ne7 15.
c4 b5 16. axb5 axb5 17. Rfa1 c6 18. c5 Nc8 19. cxd6 Qxd6 20. Qc3 Ng4 21. Kf1
Qf6 22. h3 Nxf2 23. Rxa7 Nd1 24. Rxd1 Rxa7 25. Ra1 Rae7 26. Ra6 Re6 27. Ra8 Kh7
28. Qc5 g5 29. Ke2 h5 30. Nxe5 Rxe5 31. Qd4 g4 32. Rxc8 Rxe4+ 33. Nxe4 Qxd4 34.
Bxd4 Rxc8 35. hxg4 hxg4 36. Nf6+ Kg6 37. Nxg4 Kg5 38. Kf3 f5 39. Ne5 Rc7 40.
Bc5 f4 41. d4 Kf5 42. Nd3 Rg7 43. Nxf4 Rg4 44. g3 Rg8 45. Ng2 Kg6 46. g4 Kf6
47. Kf4 Kg6 48. Nh4+ Kf6 49. Nf3 Ke6 50. g5 Rg6 51. Ne5 Rg8 52. Nxc6 1-0

[Event "Nordic Youth CC 2020 - U13"]
[Site "Fredericia"]
[Date "2020.02.15"]
[Round "3.24"]
[White "Wahlgreen, Noah Krug"]
[Black "Davidsen, Rokur"]
[Result "1-0"]
[WhiteElo "1765"]
[BlackElo "1124"]
[PlyCount "39"]
[EventDate "2020.02.??"]
[EventType "swiss"]
[EventRounds "6"]
[EventCountry "DEN"]

1. d4 d5 2. Nc3 Nf6 3. Bf4 e6 4. e3 Bd6 5. Bg3 Nc6 6. Nf3 Bd7 7. Ne5 Bb4 8. Bd3
Nxe5 9. dxe5 Ne4 10. Bxe4 dxe4 11. Qg4 g6 12. Bh4 Be7 13. Bxe7 Qxe7 14. O-O-O
Bc6 15. Nxe4 Bd5 16. Nf6+ Kf8 17. Qf4 Qc5 18. Nxd5 exd5 19. e6 Rd8 20. Qxf7#
1-0

[Event "Nordic Youth CC 2020 - U13"]
[Site "Fredericia"]
[Date "2020.02.16"]
[Round "4.19"]
[White "Trost, Edvin"]
[Black "Falkesgaard, Jeppe Hald"]
[Result "1-0"]
[WhiteElo "2153"]
[BlackElo "1936"]
[PlyCount "51"]
[EventDate "2020.02.??"]
[EventType "swiss"]
[EventRounds "6"]
[EventCountry "DEN"]

1. e4 c5 2. Nf3 e6 3. d4 cxd4 4. Nxd4 Nc6 5. Nc3 Qc7 6. Nb3 Nf6 7. Bd3 a6 8. f4
d6 9. Be3 b5 10. Qf3 Bb7 11. O-O Be7 12. Qh3 Na5 13. Nxa5 Qxa5 14. a3 Rc8 15.
Bd4 Qc7 16. Qg3 d5 17. exd5 Bc5 18. Bxc5 Qxc5+ 19. Kh1 Nxd5 20. Qxg7 Ne3 21.
Be4 Bxe4 22. Nxe4 Qxc2 23. Qxh8+ Kd7 24. Qd4+ Nd5 25. Nf6+ Kd6 26. Qe5+ 1-0

[Event "Nordic Youth CC 2020 - U13"]
[Site "Fredericia"]
[Date "2020.02.16"]
[Round "4.20"]
[White "Gudmundsson, Gunnar Erik"]
[Black "Skarphedinsson, Ingvar Wu"]
[Result "0-1"]
[WhiteElo "1770"]
[BlackElo "1484"]
[PlyCount "188"]
[EventDate "2020.02.??"]
[EventType "swiss"]
[EventRounds "6"]
[EventCountry "DEN"]

1. d4 d5 2. c4 e6 3. Nc3 Be7 4. cxd5 exd5 5. Qc2 Nf6 6. Bg5 O-O 7. e3 c6 8. Bd3
h6 9. Bh4 Nbd7 10. Nge2 Re8 11. O-O Nf8 12. Rad1 Nh5 13. Bxe7 Qxe7 14. Nc1 Bg4
15. Rde1 Nf6 16. f3 Bh5 17. e4 dxe4 18. fxe4 Qd7 19. Nb3 Ne6 20. d5 Red8 21.
Bc4 cxd5 22. Nxd5 Nxd5 23. Bxd5 Rac8 24. Qf2 b6 25. Re3 Nc7 26. Rd3 Nxd5 27.
exd5 Bg6 28. Rd2 Qb5 29. d6 Rd7 30. Rfd1 Qa6 31. a3 Qc4 32. Qf3 Rcd8 33. Rd4
Qe6 34. Nc1 Rxd6 35. Rxd6 Rxd6 36. Rf1 Qd5 37. Qe2 Re6 38. Qf2 Rc6 39. Qf3 Qxf3
40. gxf3 Rc2 41. b3 Bh5 42. a4 Bxf3 43. Rxf3 Rxc1+ 44. Kg2 Kf8 45. Re3 Rc7 46.
Kf3 Re7 47. Rd3 Ke8 48. h4 f6 49. b4 Kf7 50. h5 Rc7 51. Rd4 Ke6 52. Kf4 Rc1 53.
Re4+ Kf7 54. Rd4 Rc7 55. Kf5 Re7 56. Kf4 g6 57. hxg6+ Kxg6 58. Kg3 f5 59. Kf3
Kg5 60. Rd8 Rg7 61. Rd4 h5 62. Kg3 Rc7 63. Rd8 Rc3+ 64. Kg2 Ra3 65. Rg8+ Kf4
66. Rg7 Rxa4 67. Rh7 Kg5 68. Rg7+ Kf6 69. Rh7 Kg6 70. Rd7 Rxb4 71. Rxa7 Kg5 72.
Rg7+ Kh4 73. Kf3 b5 74. Rg1 Rg4 75. Rb1 b4 76. Kf2 Kg5 77. Rb3 h4 78. Kf1 Rf4+
79. Kg2 Kg4 80. Kh2 Re4 81. Kg1 f4 82. Kg2 Rc4 83. Kh2 f3 84. Rd3 Rc2+ 85. Kh1
Kg3 86. Rd1 Rh2+ 87. Kg1 f2+ 88. Kf1 Rh1+ 89. Ke2 Rxd1 90. Kxd1 f1=Q+ 91. Kc2
Qc4+ 92. Kb2 Qc3+ 93. Kb1 Qd2 94. Ka1 b3 0-1

[Event "Nordic Youth CC 2020 - U13"]
[Site "Fredericia"]
[Date "2020.02.16"]
[Round "4.21"]
[White "Koota, Ilkka"]
[Black "Eliseev, Sergey"]
[Result "0-1"]
[WhiteElo "1798"]
[BlackElo "1947"]
[PlyCount "70"]
[EventDate "2020.02.??"]
[EventType "swiss"]
[EventRounds "6"]
[EventCountry "DEN"]

1. b3 e5 2. Bb2 Nc6 3. e3 d6 4. Bb5 Bd7 5. Ne2 a6 6. Bxc6 Bxc6 7. O-O g6 8. f4
Bg7 9. Qe1 Nh6 10. fxe5 dxe5 11. Qg3 Qe7 12. c4 Be4 13. Ba3 Qd7 14. d4 Nf5 15.
Qg4 Bxb1 16. Raxb1 O-O-O 17. Qf3 exd4 18. exd4 Nxd4 19. Nxd4 Qxd4+ 20. Kh1 f5
21. Rfe1 Rhe8 22. Be7 Rd7 23. Bg5 Re4 24. Red1 Qe5 25. g3 Qc3 26. Qf2 Rd3 27.
Kg2 Bd4 28. Rxd3 Qxd3 29. Qf1 Re2+ 30. Kh3 Qe4 31. Bf4 g5 32. Rd1 g4+ 33. Kh4
Bf6+ 34. Bg5 Rxh2+ 35. Qh3 Rxh3# 0-1